000 01119namaa2200301 i 4500
003 EG-GICUC
005 20251231140011.0
008 251231s1990 ua |||jr|||| 000 0 ara d
017 _a89 / 8933
_bدار الكتب والوثائق القومية (مصر)
040 _aEG-GiCUC
_bara
_cEG-GiCUC
_dEG-GiCUC
_erda
082 0 4 _221
_a414.5
_bF248
092 0 4 _221
_a414.5
_bF248
099 _a414.5 F248
100 1 _aفشل، أحمد أحمد
_eمؤلف.
245 1 _aعلم البديع :
_bرؤية جديدة /
_cأحمد أحمد فشل.
250 _aالطبعة الاولى
264 _aالأسكندرية(مصر) :
_bالدار العربية للتوزيع،
_c1990.
300 _a236 صفحة ؛
_c25 سم
336 _2rdacontent
_atext
337 _2rdamedia
_aUnmediated
338 _2rdacarrier
_avolume
504 _aيشتمل على ارجاعات ببليوجرافية.
541 _aد. جابر عصفور ؛
_bالقاهرة ؛
_cإهداء ؛
_d2024.
650 1 7 _aالبلاغة العربية
_xالبديع
_2qrmak
651 1 _2qrmak
905 _aAya
942 _2ddc
_cBK
_e21
_n0
999 _c177249
_d177249